=LDR 00000nam 2200000 4500 =001 INLIS000000000026807 =005 20130612125229 =008 ***********************************ind** =035 ##$$0010-061300000026807 =041 ##$$a ind =082 ##$$a 540.076 =090 ##$$a 540.076, ROK s =100 ##$$a Rokhmad =245 ##$$a Strategi tembus perguruan tinggi favorit, Kimia, Rokhmad =260 ##$$a 2004 $b Yogyakarta =300 ##$$a ix, 288 hlm., ilus., 21 cm =650 ##$$a Kimia =650 ##$$a Test dan Evaluasi =850 ##$$a NBPNMAT